Southville International School and Colleges
Your cart is empty.
  • Cart
  • Lists
    Public lists Eva Luna New books Lux_list list_1
    Your lists Log in to create your own lists
  • Log in to your account
  • Your cookies
  • Search history
Southville International School and Colleges
  • Advanced search
  • Recent comments
  • Most popular
  • Libraries

Log in to your account

Log in with GOOGLE


If you do not have an external account, but do have a local account, you can still log in:

  1. Home
  2. MARC view: Raising them ready :
Normal view MARC view ISBD view

Raising them ready : (Record no. 366446)

[ view plain ]
MARC details
000 -LEADER
fixed length control field 00868nam a22002417a 4500
003 - CONTROL NUMBER IDENTIFIER
control field 0
005 - DATE AND TIME OF LATEST TRANSACTION
control field 20241003093654.0
008 - FIXED-LENGTH DATA ELEMENTS--GENERAL INFORMATION
fixed length control field 241003b xxu||||| |||| 00| 0 eng d
020 ## - INTERNATIONAL STANDARD BOOK NUMBER
International Standard Book Number 9780800736583
050 ## - LIBRARY OF CONGRESS CALL NUMBER
Classification number HQ 796
Item number .C394 2022
100 ## - MAIN ENTRY--PERSONAL NAME
Personal name Catherman, Jonathan,
Relator term author.
245 ## - TITLE STATEMENT
Title Raising them ready :
Remainder of title practical ways to prepare your kids for life on their own /
Statement of responsibility, etc Jonathan and Erica Catherman.
260 ## - PUBLICATION, DISTRIBUTION, ETC. (IMPRINT)
Place of publication, distribution, etc Grand Rapids, MI :
Name of publisher, distributor, etc Revell, a division of Baker Publishing Group,
Date of publication, distribution, etc 2022.
300 ## - PHYSICAL DESCRIPTION
Extent 213 p. :
Other physical details ill. ;
Dimensions 22 cm.
504 ## - BIBLIOGRAPHY, ETC. NOTE
Bibliography, etc Includes bibliographical references.
650 ## - SUBJECT ADDED ENTRY--TOPICAL TERM
Topical term or geographic name as entry element Young adults
Form subdivision Conduct of life.
650 ## - SUBJECT ADDED ENTRY--TOPICAL TERM
Topical term or geographic name as entry element Teenagers
Form subdivision Conduct of life.
650 ## - SUBJECT ADDED ENTRY--TOPICAL TERM
Topical term or geographic name as entry element Young adults
Form subdivision Life skills guides.
650 ## - SUBJECT ADDED ENTRY--TOPICAL TERM
Topical term or geographic name as entry element Teenagers
Form subdivision Life skills guides.
650 ## - SUBJECT ADDED ENTRY--TOPICAL TERM
Topical term or geographic name as entry element Parent and teenager.
700 ## - ADDED ENTRY--PERSONAL NAME
Personal name Catherman, Erica,
Relator term author.
942 ## - ADDED ENTRY ELEMENTS (KOHA)
Source of classification or shelving scheme Library of Congress Classification
Koha item type Books
Holdings
Withdrawn status Lost status Source of classification or shelving scheme Damaged status Home library Current library Shelving location Date acquired Source of acquisition Sub Shelving location Total Checkouts Full call number Barcode Date last seen Price effective from Koha item type
    Library of Congress Classification   Luxembourg Library Luxembourg Library Teachers Reference Section 10/03/2024 Library Fund     HQ 796 .C394 2022 21254 10/03/2024 10/03/2024 Books

Raising them ready :

APA

Catherman J., Catherman E., . (2022). Raising them ready. Grand Rapids, MI: Revell, a division of Baker Publishing Group.

Chicago

Catherman Jonathan, Catherman Erica, . 2022. Raising them ready. Grand Rapids, MI: Revell, a division of Baker Publishing Group.

Harvard

Catherman J., Catherman E., . (2022). Raising them ready. Grand Rapids, MI: Revell, a division of Baker Publishing Group.

MLA

Catherman Jonathan, Catherman Erica, . Raising them ready. Grand Rapids, MI: Revell, a division of Baker Publishing Group. 2022.

  • Place hold
  • Print
  • Cite
  • Add to your cart (remove)
  • Save record
    BIBTEX Dublin Core MARCXML MARC (non-Unicode/MARC-8) MARC (Unicode/UTF-8) MARC (Unicode/UTF-8, Standard) MODS (XML) RIS
  • More searches
    Search for this title in:
    Other Libraries (WorldCat) Other Databases (Google Scholar) Online Stores (Bookfinder.com) Open Library (openlibrary.org)

Exporting to Dublin Core...

SOUTHVILLE LIBRARY

Southville International School and Colleges Library

1281 Tropical Ave. Cor. Luxembourg St., BF Homes International, Las Pinas City

Tel. No. 8256374 / 252358 Loc. 117/146

Powered by Koha